[Event "GER-chT U20"]
[Site "Kiel"]
[Date "2022.07.23"]
[Round "2.4"]
[White "Stahl, Johannes"]
[Black "Riegel, Simon"]
[Result "1-0"]
[WhiteElo "1630"]
[BlackElo "1285"]
[PlyCount "159"]
[EventDate "2022.07.22"]
[EventType "team-swiss"]
[EventRounds "7"]
[EventCountry "GER"]
[SourceTitle "CBM 209 Extra"]
[Source "ChessBase"]
[SourceDate "2022.09.30"]
[SourceVersion "1"]
[SourceVersionDate "2022.09.30"]
[SourceQuality "1"]
[WhiteTeam "Heilbronn"]
[BlackTeam "Langen"]
[WhiteTeamCountry "GER"]
[BlackTeamCountry "GER"]

1. d4 f5 2. c4 Nf6 3. g3 c6 4. Nc3 d5 5. cxd5 cxd5 6. Bg2 Nc6 7. Nf3 e6 8. 0-0 Be7 9. Bf4 Ne4 10. Nb5 Nd6 11. Nxd6+ Bxd6 12. Rc1 Bxf4 13. gxf4 0-0 14. a3 a5 15. Ne5 Nxe5 16. fxe5 g5 17. Kh1 Kh8 18. Rc3 g4 19. Qd2 f4 20. Rfc1 Bd7 21. e3 f3 22. Bf1 Rf5 23. Bd3 Rh5 24. Qe1 Qh4 25. Qg1 Rg8 26. Qg3 Qxg3 27. fxg3 Bc6 28. Rc5 Ra8 29. Bb5 Rh6 30. Bxc6 bxc6 31. Rxc6 Kg7 32. Rd6 Rf8 33. Ra6 Rb8 34. Rc7+ Kg8 35. Rc2 Rf8 36. Rf2 Rc8 37. h4 gxh3 38. Kh2 Kg7 39. Rxa5 Kg6 40. Rc5 Rb8 41. b4 Ra8 42. Rc3 Rf8 43. a4 Kg5 44. b5 Ra8 45. Ra3 Kg4 46. a5 Rg6 47. b6 Ra6 48. Rb2 Rg8 49. Raa2 Rb8 50. Rc2 Kf5 51. Kxh3 Ke4 52. Ra3 Rbxb6 53. Rc7 Kf5 54. Rf7+ Kg5 55. axb6 Rxa3 56. Rxf3 Rb3 57. Rf7 Rxb6 58. Kg2 Kg6 59. Re7 h5 60. Kf3 Kf5 61. Rf7+ Kg6 62. Rf4 Kg5 63. Rf8 Kg6 64. Kf4 Kg7 65. Rf6 Ra6 66. Kg5 Ra3 67. Rf3 Rb3 68. Kxh5 Ra3 69. Kg5 Rb3 70. Kf4 Rb4 71. Rf2 Ra4 72. Rb2 Ra3 73. Rb7+ Kf8 74. g4 Ke8 75. g5 Kf8 76. g6 Ra1 77. Kg5 Rf1 78. Rf7+ Rxf7 79. gxf7 Kxf7 80. Kh6 1-0